California County Trivia - Marin - Statistics

General Stats
  • This quiz has been taken 16 times
  • The average score is 8 of 13
Answer Stats
Hint Answer % Correct
Famous Bridge Golden Gate
93%
County Seat San Rafael
86%
Second Largest City Novato
79%
Metropolitan Area that most of the county is part of San Francisco
79%
Third Largest City Mill Valley
71%
What makes up its Western Border Pacific Ocean
71%
What makes up its Eastern Border San Francisco Bay
71%
Bordering County Sonoma
71%
First counties to the East Contra Costa
64%
Interstate Interstate 580
64%
Alameda
57%
Large Reserve in the Western part of the County Point Reyes
36%
Has the highest female ____ in the U.S. Life Expectancy
0%
No matching quizzes found
Score Distribution
Percent of People with Each Score
Percentile by Number Answered
Your Score History
You have not taken this quiz